Geografía española I - Estadísticas

Estadísticas generales
  • Esta prueba ha sido intentada 4.081 veces
  • La puntuación promedio es 10 de 20
Estadísticas de respuestas
Pregunta Respuesta % Correcto
¿Cuál es el pico español más alto? Teide
97%
¿Cuáles son las dos ciudades autónomas? Ceuta
85%
¿Cuáles son las dos ciudades autónomas? Melilla
84%
¿Cuál es el pico peninsular más alto? Mulhacén
74%
¿Cuál es la ciudad más poblada en el Ebro? Zaragoza
72%
¿Qué Patrimonio Mundial se encuentra en Segovia? Acueducto de Segovia
71%
¿Cuál es la provincia más grande por superficie? Badajoz
63%
¿Qué anomalía climatológica, en que hay un escasez de agua, presenta un riesgo al país? Sequías
63%
¿En qué isla se ubica el punto más occidental? El Hierro
60%
¿Qué término de dos palabras tiene Vasconia como nombre alternativo? Euskal Herria
59%
¿En qué provincia se encuentra la ciudad más poblada que lleva el nombre Avilés? Asturias
58%
¿En qué zona costera se ubican Portbou y Blanes? Costa Brava
47%
¿Cuál es el municipio más poblado que la palabra 'puerto' en su nombre? El Puerto de Santa María
43%
¿Cuál es el único desierto europeo? Desierto de Tabernas
34%
¿Qué ciudad tiene el apodo «Vetusta»? Oviedo
30%
¿Qué ciudad tiene el nombre castellanizado San Baudilio de Llobregat? Sant Boi de Llobregat
18%
El aeropuerto que sirve Andorra se encuentra en España.¿Cómo se llama ese aeropuerto? Aeropuerto de Andorra-{La Seu}
15%
¿Cómo se llama el golfo en Alto Ampurdán? Golfo de Rosas
15%
¿De qué ciudad es un picheleiro? Santiago de Compostela
10%
¿Con qué identificador se conoce la carretera de Madrid-Valencia? N-3
9%
No se encontraron pruebas coincidentes
Distribución de puntuación
Porcentaje de gente con cada puntuación
Porcentaje por número respondido
Historial de tus puntuaciones
No has intentado esta prueba.